Most popular baby names in the Netherlands 2013 - Statistics

General Stats
  • This quiz has been taken 188 times
  • The average score is 10 of 40
Answer Stats
Hint Answer % Correct
Anna
61%
Emma
57%
Sophie
46%
Noa
45%
7 Luuk
40%
Julia
39%
Sara
38%
Sarah
38%
Eva
37%
Lisa
37%
13 Thomas
36%
Isa
34%
10 Noah
33%
12 Tim
32%
4 Lucas
30%
2 Daan
27%
5 Sem
26%
Max
25%
Mila
25%
9 Liam
24%
Fleur
19%
Jesse
19%
1 Bram
18%
Lotte
16%
Tess
16%
Thijs
16%
Evi
15%
3 Finn
15%
Mees
14%
8 Levi
13%
14 Ruben
13%
Zoë
13%
Fenna
12%
15 Julian
12%
Lars
12%
11 Jayden
11%
6 Milan
11%
Lieke
10%
Lynn
10%
Saar
9%
No matching quizzes found
Score Distribution
Percent of People with Each Score
Percentile by Number Answered
Your Score History
You have not taken this quiz